| 000 | 00706nam a2200229Ia 4500 | ||
|---|---|---|---|
| 005 | 20250117103440.0 | ||
| 008 | 008 250103s9999 xx 000 0 eng d | ||
| 020 | _a9781786204462 | ||
| 037 | _aTextual | ||
| 040 |
_aCSL _beng _cCSL |
||
| 041 |
_aeng _2eng |
||
| 084 |
_aH3.2 R0 _qCSL |
||
| 245 | 0 |
_aArchean granitoids of India: Windows into early Earth tectonics _cDey, S (Ed.); Moyen, J -F (Ed.) |
|
| 260 |
_aLondon _bGeological Society of London _c2020 |
||
| 300 | _a320p. ill. | ||
| 650 |
_aArchean granitoids _9733116 |
||
| 650 | _aGeology | ||
| 700 |
_a Moyen, J -F (Ed.) _9733117 |
||
| 700 |
_aDey, S (Ed.) _9733118 |
||
| 942 |
_cTEXL _hH3.2 R0 |
||
| 999 |
_c1237418 _d1237418 |
||